| 000 | 00434nam a22001457a 4500 | ||
|---|---|---|---|
| 082 | _aP-238 | ||
| 100 |
_aCJUO Kamran Azam Syn no-1 _947913 |
||
| 245 |
_aComputer Aided Program for the Design of Counterfort Retaining Wall _cCJUO Kamran Azam, TC Malik Saeed Akhtar |
||
| 260 |
_aRisalpur _bMCE _c20 May 2002 |
||
| 300 | _aP-82 | ||
| 526 |
_a0 _b0 _c0 _dP_238 |
||
| 650 | _aProject | ||
| 700 |
_aMohammad Iqbal _947914 |
||
| 942 |
_2ddc _cBK |
||
| 999 |
_c551000 _d551000 |
||